MARC details
| 000 -CABECERA |
| campo de control de longitud fija |
01296nam a2200253 u 4500 |
| 001 - NÚMERO DE CONTROL |
| campo de control |
000002433 |
| 003 - IDENTIFICADOR DEL NÚMERO DE CONTROL |
| campo de control |
DO-SdBNP |
| 005 - FECHA Y HORA DE LA ÚLTIMA TRANSACCIÓN |
| campo de control |
20260305073949.0 |
| 008 - DATOS DE LONGITUD FIJA--INFORMACIÓN GENERAL |
| campo de control de longitud fija |
090702s1986 dr r 001 0 spa d |
| 040 ## - FUENTE DE LA CATALOGACIÓN |
| Centro catalogador/agencia de origen |
DO-SdBNP |
| Lengua de catalogación |
spa |
| Centro/agencia transcriptor |
BNPHU |
| 082 ## - NÚMERO DE LA CLASIFICACIÓN DECIMAL DEWEY |
| Número de clasificación |
324.27293 |
| Número de documento/Ítem |
F745r |
| 111 2# - ENTRADA PRINCIPAL--NOMBRE DE CONGRESO/REUNIÓN |
| Nombre de congreso/reunión o jurisdicción como elemento de entrada |
FORUM |
| 9 (RLIN) |
7702 |
| 245 13 - MENCIÓN DE TÍTULO |
| Título |
El régimen de partidos y el sistema electoral en la República Dominicana / |
| Mención de responsabilidad, etc. |
editor Frank Moya Pons. |
| 260 ## - PUBLICACIÓN, DISTRIBUCIÓN, ETC. |
| Lugar de publicación, distribución, etc. |
Santo Domingo : |
| Nombre del editor, distribuidor, etc. |
FORUM, |
| Fecha de publicación, distribución, etc. |
1986. |
| 300 ## - DESCRIPCIÓN FÍSICA |
| Extensión |
174p ; |
| Dimensiones |
22cm. |
| 490 1# - MENCIÓN DE SERIE |
| Mención de serie |
FORUM |
| Designación de volumen o secuencia |
22 |
| 505 0# - NOTA DE CONTENIDO CON FORMATO |
| Título |
Presentación -- |
| -- |
Introducción / |
| Mención de responsabilidad |
Aníbal de Castro -- |
| Título |
Los partidos políticos en la República Dominicana / |
| Mención de responsabilidad |
Víctor Livio Cedeño -- |
| Información miscelánea |
Debate -- |
| Título |
El Partido Revolucionario y el Partido Reformista en la dinámica del cambio político dominicano / |
| Mención de responsabilidad |
José Oviedo -- |
| Información miscelánea |
Debate -- |
| Título |
Partidos y electores: cambios y constantes entre dos elecciones nacionales / |
| Mención de responsabilidad |
José del Castillo -- |
| Título |
Reforma electoral e ingeniería política. Reflexiones en torno al caso dominicano. |
| Mención de responsabilidad |
Julio Brea Franco -- |
| Información miscelánea |
Debate. |
| 650 #4 - PUNTO DE ACCESO ADICIONAL DE MATERIA--TÉRMINO DE MATERIA |
| Término de materia o nombre geográfico como elemento de entrada |
Partidos politicos |
| Subdivisión geográfica |
República Dominicana |
| Subdivisión general |
Historia |
| 9 (RLIN) |
7703 |
| 650 #4 - PUNTO DE ACCESO ADICIONAL DE MATERIA--TÉRMINO DE MATERIA |
| Término de materia o nombre geográfico como elemento de entrada |
Elecciones |
| Subdivisión geográfica |
República Dominicana |
| 9 (RLIN) |
2992 |
| 700 1# - PUNTO DE ACCESO ADICIONAL--NOMBRE DE PERSONA |
| Nombre de persona |
Moya Pons, Frank, |
| Fechas asociadas al nombre |
1944- |
| Término indicativo de función/relación |
ed. |
| 9 (RLIN) |
2095 |
| 830 #0 - PUNTO DE ACCESO ADICIONAL DE SERIE-TÍTULO UNIFORME |
| Título uniforme |
FORUM |
| Designación de volumen o secuencia |
22 |
| 9 (RLIN) |
7431 |
| 910 ## - DATOS DE OPCIÓN DEL USUARIO (OCLC) |
| Datos de opción del usuario |
Validado. Control de calidad EMS |
| 942 ## - ELEMENTOS DE PUNTO DE ACCESO ADICIONAL (KOHA) |
| Fuente del sistema de clasificación o colocación |
Dewey Decimal Classification |
| Tipo de ítem Koha |
Libro |